01621nam a2200361 a 4500001001000000003000500010005001700015008004100032010001100073011001100084040000900095090001000104100005000114245022700164260004100391500006000432502007500492590004000567590004000607590004000647590004000687650003200727650004800759650004200807650003200849856007000881901000700951942001000958942000600968999001900974952013100993952013501124000114143CHAP20220329144429.0171107s2017 mx a fsm |||||||spa d a110604 a111576 cCHAP aTesis1 aLinares Ramírez, Jazmín Miroslava913403010aEvaluación genética de componentes morfológicos y proteína cruda de forraje y grano en un compuesto criollo de maíz blanco en Chapingo, Texcoco, México /h[En línea]cpor Jazmín Miroslava Linares Ramírez. aChapingo, Méx. :bEl autor,c2017. aPara ver el contenido del material haga clic en la liga aTesis (Ing. Agr. Esp. en Zootecnia) -- UACH. Departamento de Zootecnia aE8697GMMb05c20171107lUCH01h1336 aE8697GMMb05c20171107lUCH01h1355 aE8697GMMb05c20171107lUCH01h1443 aE8697GMMb05c20171107lUCH01h145114aMaíz como forraje.97110914aMaízxFisiología y morfología.97095814aMaízxGenéticazMéxico.912773414aMaízxRendimiento.971051 aFinding aiduhttp://10.13.5.2/tesis/sist114143.pdfzTeclea aquí aBK cTESIS n0 c110604d110604 00104054718TESISaBCbBCd2017-11-07fTESISl0oTesisp114144-10r2019-12-31 00:00:00w2019-12-31yTESISzRecien adquirido 00102local4053708TESISaBCbBCcPA_TESISd2017-11-07fTESISl0oTesisp114144-20r2019-12-31 00:00:00tc.2w2019-12-31yTESIS